| 000 | 01003nam a2200301 i 4500 | ||
|---|---|---|---|
| 001 | 000030479 | ||
| 003 | DO-SdBNP | ||
| 005 | 20260409141255.0 | ||
| 007 | ta | ||
| 008 | 240704s2024 dr a 000 | spa d | ||
| 020 | _a9798873360758 | ||
| 040 |
_aDO-SdBNP _bspa _cBNPHU _erda |
||
| 041 | _aspa | ||
| 082 | 4 |
_aRD863.5 _bM861c _222 |
|
| 100 | 1 |
_aMoris González, Maria Esther _957105 _eautor _4aut. |
|
| 245 | 1 | 0 |
_aCuentos de amor, traición y engaño : _b¿creerás todo lo que te digan? / _cMaría Esther Moris González. |
| 250 | _aPrimera edición | ||
| 264 | 4 |
_a[Lugar de publicación no identificado] : _b[editor no identificado] ; _c©2023. |
|
| 300 |
_a92 páginas ; _c22 cm. |
||
| 336 |
_atexto _btxt _2rdacontent |
||
| 337 |
_asin mediación _bn _2rdamedia |
||
| 338 |
_avolumen _bnc _2rdacarrier |
||
| 590 | _aInventariado, 2024/DG | ||
| 650 | 7 |
_aCuentos dominicanos _2LEMB |
|
| 650 | 7 |
_aLiteratura dominicana _2LEMB |
|
| 910 | _aDG/Validado. Control de calidad MFF | ||
| 942 |
_2ddc _cLBS1 |
||
| 999 |
_c57143 _d57143 |
||